000 00739cam a22002411 4500
001 gs 55000211
003 DLC
005 20260227111403.0
008 811211s1954 dcua f000 0 eng c
010 _ags 55000211
035 _a(OCoLC)7988096
040 _aUS Geol. Survey. Lib.
_cOkAdE
_dDLC
042 _apremarc
050 0 0 _aQE75
_b.C5 no. 353
100 1 _aWilson, Ernest Elmer,
_d1924-
245 1 0 _aPortable scintillation counters for geologic use,
_cby E. E. Wilson [and others]
260 _aWashington,
_c1954.
300 _aii, 10 p.
_billus.
_c27 cm.
410 2 0 _aGeological Survey (U.S.).
_tCircular
_v353
504 _a"Literature cited": p. 10.
650 0 _aScintillation counters.
650 0 _aGeology
_xResearch.
999 _c28961
_d28961